| 000 | 00372nam a2200133Ia 4500 | ||
|---|---|---|---|
| 008 | 220214s9999 xx 000 0 und d | ||
| 100 | _aSantos AFD | ||
| 245 | 0 | _aEvaluation of systemic fungicides in the control of Microcyclus ulei | |
| 260 |
_bFitopatologia Brasileira _c1986 |
||
| 300 | _a171-176 | ||
| 520 | _aVol II Marco/86 | ||
| 700 | _a6aPereira JCR | ||
| 942 | _cRE | ||
| 999 |
_c45660 _d45660 |
||